000 00394nam a22001457a 4500
020 _a0-669-61366-5
082 _a711.4
_bMOD
100 _aSweet, David C
_945224
245 _aModels of urban structure/
_cSweet, David C
260 _aLondon,
_bD.C heath and company
300 _a252p.:
_bill,;
_c20 cm.
526 _a0
_b0
_c0
_d711_400000000000000_MOD
650 _aMCE
_9379
942 _2ddc
_cBK
999 _c548798
_d548798